00336 2200145 4500001002100000005001500021035002000036245003300056100001700089250000600106260003200112082000800144084001400152990002400166INLIS00000000000252620250604115808 a0010-06250001121 aMerpati Biru /cAchmad Munif0 aAchmad Munif a1 aYogyakarta :bNavila,c2002 a813 a813 ACH m a02.1679 s/d 02.1689